<?xml version="1.0" encoding="UTF-8"?>
<record
    xmlns:xsi="http://www.w3.org/2001/XMLSchema-instance"
    xsi:schemaLocation="http://www.loc.gov/MARC21/slim http://www.loc.gov/standards/marcxml/schema/MARC21slim.xsd"
    xmlns="http://www.loc.gov/MARC21/slim">

  <leader>00706nam a22001577a 4500</leader>
  <controlfield tag="003">OSt</controlfield>
  <controlfield tag="005">20151006135520.0</controlfield>
  <controlfield tag="008">151006b        xxu||||| |||| 00| 0 eng d</controlfield>
  <datafield tag="040" ind1=" " ind2=" ">
    <subfield code="c">RUA</subfield>
  </datafield>
  <datafield tag="082" ind1=" " ind2=" ">
    <subfield code="a">AVM SAN 2000 B072 Or.1</subfield>
  </datafield>
  <datafield tag="100" ind1=" " ind2=" ">
    <subfield code="9">2161</subfield>
    <subfield code="a">SAN, PISITH.</subfield>
  </datafield>
  <datafield tag="245" ind1=" " ind2=" ">
    <subfield code="a">Epidimiology of Fasciolosis in cattle in Sa Ang district Kandal province, &#x1780;&#x17B6;&#x179A;&#x179F;&#x17B7;&#x1780;&#x17D2;&#x179F;&#x17B6;&#x17A2;&#x17C6;&#x1796;&#x17B8;&#x1780;&#x17C6;&#x179A;&#x17B7;&#x178F;&#x179A;&#x17B6;&#x179B;&#x178A;&#x17B6;&#x179B;&#x178A;&#x17B6;&#x179B;&#x1793;&#x17C3;&#x1787;&#x17C6;&#x1784;&#x17BA;&#x178A;&#x17C2;&#x179B;&#x1794;&#x1784;&#x17D2;&#x1780;&#x179A;&#x178A;&#x17C4;&#x1799;&#x1796;&#x17D2;&#x179A;&#x17BC;&#x1793;&#x17A0;&#x17D2;&#x179C;&#x17B6;&#x179F;&#x17D2;&#x1799;&#x17BC;&#x17A1;&#x17B6; &#x1785;&#x17C6;&#x1796;&#x17C4;&#x17C7;&#x1782;&#x17C4;&#x1793;&#x17C5;&#x179F;&#x17D2;&#x179A;&#x17BB;&#x1780;&#x179F;&#x17D2;&#x17A2;&#x17B6;&#x1784; &#x1781;&#x17C1;&#x178F;&#x17D2;&#x178F;&#x1780;&#x178E;&#x17D2;&#x178F;&#x17B6;&#x179B;</subfield>
  </datafield>
  <datafield tag="260" ind1=" " ind2=" ">
    <subfield code="a">Phnom Penh</subfield>
    <subfield code="b">RUA</subfield>
    <subfield code="c">2000</subfield>
  </datafield>
  <datafield tag="300" ind1=" " ind2=" ">
    <subfield code="a">ix; 31p.</subfield>
    <subfield code="b">ill.</subfield>
    <subfield code="c">29cm.</subfield>
  </datafield>
  <datafield tag="942" ind1=" " ind2=" ">
    <subfield code="2">ddc</subfield>
    <subfield code="c">AVM</subfield>
  </datafield>
  <datafield tag="999" ind1=" " ind2=" ">
    <subfield code="c">2033</subfield>
    <subfield code="d">2033</subfield>
  </datafield>
  <datafield tag="952" ind1=" " ind2=" ">
    <subfield code="0">0</subfield>
    <subfield code="1">0</subfield>
    <subfield code="2">ddc</subfield>
    <subfield code="4">0</subfield>
    <subfield code="6">AVM_SAN_2000_000000000000000_B072_OR_1</subfield>
    <subfield code="7">0</subfield>
    <subfield code="9">8399</subfield>
    <subfield code="a">LBB</subfield>
    <subfield code="b">LBB</subfield>
    <subfield code="c">B072</subfield>
    <subfield code="d">2015-10-06</subfield>
    <subfield code="o">AVM SAN 2000 B072 Or.1</subfield>
    <subfield code="p">RUA009077</subfield>
    <subfield code="r">2015-10-06</subfield>
    <subfield code="w">2015-10-06</subfield>
    <subfield code="y">AVM</subfield>
  </datafield>
  <datafield tag="952" ind1=" " ind2=" ">
    <subfield code="0">0</subfield>
    <subfield code="1">0</subfield>
    <subfield code="2">ddc</subfield>
    <subfield code="4">0</subfield>
    <subfield code="6">AVM_SAN_2000_000000000000000_B072_OR_2</subfield>
    <subfield code="7">0</subfield>
    <subfield code="9">8400</subfield>
    <subfield code="a">LBB</subfield>
    <subfield code="b">LBB</subfield>
    <subfield code="c">B072</subfield>
    <subfield code="d">2015-10-06</subfield>
    <subfield code="l">2</subfield>
    <subfield code="o">AVM SAN 2000 B072 Or.2</subfield>
    <subfield code="p">RUA009076</subfield>
    <subfield code="r">2016-07-31</subfield>
    <subfield code="s">2016-06-20</subfield>
    <subfield code="w">2015-10-06</subfield>
    <subfield code="y">AVM</subfield>
  </datafield>
  <datafield tag="952" ind1=" " ind2=" ">
    <subfield code="0">0</subfield>
    <subfield code="1">0</subfield>
    <subfield code="2">ddc</subfield>
    <subfield code="4">0</subfield>
    <subfield code="6">AVM_SAN_2000_000000000000000_B072_OR_3</subfield>
    <subfield code="7">0</subfield>
    <subfield code="9">8401</subfield>
    <subfield code="a">LBB</subfield>
    <subfield code="b">LBB</subfield>
    <subfield code="c">B072</subfield>
    <subfield code="d">2015-10-06</subfield>
    <subfield code="o">AVM SAN 2000 B072 Or.3</subfield>
    <subfield code="p">RUA025822</subfield>
    <subfield code="r">2015-10-06</subfield>
    <subfield code="w">2015-10-06</subfield>
    <subfield code="y">AVM</subfield>
  </datafield>
  <datafield tag="952" ind1=" " ind2=" ">
    <subfield code="0">0</subfield>
    <subfield code="1">0</subfield>
    <subfield code="2">ddc</subfield>
    <subfield code="4">0</subfield>
    <subfield code="6">AVM_SAN_2000_000000000000000_B072_OR_4</subfield>
    <subfield code="7">0</subfield>
    <subfield code="9">14922</subfield>
    <subfield code="a">LBB</subfield>
    <subfield code="b">LBB</subfield>
    <subfield code="d">2015-11-05</subfield>
    <subfield code="l">2</subfield>
    <subfield code="o">AVM SAN 2000 B072 Or.4</subfield>
    <subfield code="p">RUA034532</subfield>
    <subfield code="r">2018-06-15</subfield>
    <subfield code="s">2018-06-11</subfield>
    <subfield code="w">2015-11-05</subfield>
    <subfield code="y">AVM</subfield>
  </datafield>
</record>
